<?xml version="1.0" encoding="UTF-8"?><?xml-stylesheet type="text/xsl" href="static/style.xsl"?><OAI-PMH xmlns="http://www.openarchives.org/OAI/2.0/" xmlns:xsi="http://www.w3.org/2001/XMLSchema-instance" xsi:schemaLocation="http://www.openarchives.org/OAI/2.0/ http://www.openarchives.org/OAI/2.0/OAI-PMH.xsd"><responseDate>2026-06-07T17:25:43Z</responseDate><request verb="GetRecord" identifier="oai:docta.ucm.es:20.500.14352/99973" metadataPrefix="marc">https://docta.ucm.es/rest/oai/request</request><GetRecord><record><header><identifier>oai:docta.ucm.es:20.500.14352/99973</identifier><datestamp>2024-02-13T08:12:52Z</datestamp><setSpec>com_20.500.14352_14</setSpec><setSpec>col_20.500.14352_15</setSpec></header><metadata><record xmlns="http://www.loc.gov/MARC21/slim" xmlns:dcterms="http://purl.org/dc/terms/" xmlns:xsi="http://www.w3.org/2001/XMLSchema-instance" xmlns:doc="http://www.lyncode.com/xoai" xsi:schemaLocation="http://www.loc.gov/MARC21/slim http://www.loc.gov/standards/marcxml/schema/MARC21slim.xsd">
   <leader>00925njm 22002777a 4500</leader>
   <datafield ind2=" " ind1=" " tag="042">
      <subfield code="a">dc</subfield>
   </datafield>
   <datafield ind2=" " ind1=" " tag="720">
      <subfield code="a">Ávila Alonso, Pablo</subfield>
      <subfield code="e">author</subfield>
   </datafield>
   <datafield ind2=" " ind1=" " tag="720">
      <subfield code="a">Calvo, David</subfield>
      <subfield code="e">author</subfield>
   </datafield>
   <datafield ind2=" " ind1=" " tag="720">
      <subfield code="a">Tamargo, María</subfield>
      <subfield code="e">author</subfield>
   </datafield>
   <datafield ind2=" " ind1=" " tag="720">
      <subfield code="a">Uribarri, Aitor</subfield>
      <subfield code="e">author</subfield>
   </datafield>
   <datafield ind2=" " ind1=" " tag="720">
      <subfield code="a">Datino, Tomás</subfield>
      <subfield code="e">author</subfield>
   </datafield>
   <datafield ind2=" " ind1=" " tag="720">
      <subfield code="a">Arenal, Ángel</subfield>
      <subfield code="e">author</subfield>
   </datafield>
   <datafield ind2=" " ind1=" " tag="720">
      <subfield code="a">Atienza Fernández, Felipe</subfield>
      <subfield code="e">author</subfield>
   </datafield>
   <datafield ind2=" " ind1=" " tag="720">
      <subfield code="a">Soto, Nina</subfield>
      <subfield code="e">author</subfield>
   </datafield>
   <datafield ind2=" " ind1=" " tag="720">
      <subfield code="a">Fernández-Avilés Díaz, Francisco Jesús</subfield>
      <subfield code="e">author</subfield>
   </datafield>
   <datafield ind2=" " ind1=" " tag="720">
      <subfield code="a">González Torrecilla, Esteban</subfield>
      <subfield code="e">author</subfield>
   </datafield>
   <datafield ind2=" " ind1=" " tag="260">
      <subfield code="c">2022-06-24</subfield>
   </datafield>
   <datafield ind2=" " ind1=" " tag="520">
      <subfield code="a">Objective: The role of age in clinical characteristics and catheter ablation outcomes of atrioventricular nodal re-entrant tachycardia (AVNRT) or orthodromic atrioventricular re-entrant tachycardia (AVRT) has been assessed in retrospective studies categorising age by arbitrary cut-offs, but contemporary analyses of age-related trends are lacking. We aimed to study the relationship of age with epidemiological, clinical features and catheter ablation outcomes of AVNRT and AVRT.

Methods: We recruited 600 patients (median age 56 years, 60% female) with a confirmed diagnosis of AVNRT (n=455) or AVRT (n=145) by means of an electrophysiological study. They were interrogated for arrhythmia-related symptoms with a structured questionnaire and followed up to 1 year. We analysed age as a continuous variable using regression models and adjusting for relevant covariables.

Results: Both typical and atypical forms of AVNRT upraised with age while AVRT decreased (p&lt;0.001 by regression). Female sex predominance in AVNRT was not observed in older patients. Overall, these tachycardias became more symptomatic with ageing despite a longer tachycardia cycle length (p&lt;0.001) and regardless of the presence of structural heart disease, with a higher proportion of dizziness, syncope, chest pain or dyspnoea (p&lt;0.005 for all) and a lower presence of palpitations or neck pounding (p&lt;0.001 for both). Age was not associated with catheter ablation acute success, periprocedural complications or 1-year recurrence rates (p>0.05 for all).

Conclusions: Age, evaluated as a continuous variable, had a significant association with the clinical profile of patients with AVNRT and AVRT. Nevertheless, catheter ablation outcomes and complications were not significantly related to patients' age.</subfield>
   </datafield>
   <datafield ind1="8" ind2=" " tag="024">
      <subfield code="a">1355-6037</subfield>
   </datafield>
   <datafield ind1="8" ind2=" " tag="024">
      <subfield code="a">10.1136/heartjnl-2021-319685</subfield>
   </datafield>
   <datafield ind1="8" ind2=" " tag="024">
      <subfield code="a">https://hdl.handle.net/20.500.14352/99973</subfield>
   </datafield>
   <datafield ind1="8" ind2=" " tag="024">
      <subfield code="a">1468-201X</subfield>
   </datafield>
   <datafield ind1="8" ind2=" " tag="024">
      <subfield code="a">https://heart.bmj.com/content/108/14/1107.long</subfield>
   </datafield>
   <datafield ind1="8" ind2=" " tag="024">
      <subfield code="a">34635482</subfield>
   </datafield>
   <datafield ind1="8" ind2=" " tag="024">
      <subfield code="a">https://pubmed.ncbi.nlm.nih.gov/34635482/</subfield>
   </datafield>
   <datafield ind2="0" ind1="0" tag="245">
      <subfield code="a">Association of age with clinical features and ablation outcomes of paroxysmal supraventricular tachycardias</subfield>
   </datafield>
</record></metadata></record></GetRecord></OAI-PMH>